|
|
|
|
| LEADER |
00000nam0a2200000 4500 |
| 001 |
134602 |
| 005 |
20231031135728.0 |
| 020 |
|
|
|a RU
|b 87-31461
|
| 035 |
|
|
|a (RuTPU)RU\TPU\book\145906
|
| 090 |
|
|
|a 134602
|
| 100 |
|
|
|a 20080401d1987 m y0rusy5003 ca
|
| 101 |
0 |
|
|a rus
|
| 102 |
|
|
|a RU
|
| 105 |
|
|
|a a z 000zy
|
| 200 |
1 |
|
|a Найти и обезвредить; Чистые руки; Марчелло и К*
|e Повести
|f Г. И. Василенко
|
| 210 |
|
|
|a Москва
|c Изд-во ДОСААФ СССР
|d 1987
|
| 215 |
|
|
|a 459,[2] с.
|
| 333 |
|
|
|a Исключено из фонда НТБ ТПУ
|
| 700 |
|
1 |
|a Василенко
|b Г. И.
|g Григорий Иванович
|
| 801 |
|
0 |
|a RU
|b RuMRKP
|c 19950417
|g psbo
|
| 801 |
|
1 |
|a RU
|b 63413507
|c 20080401
|g PSBO
|
| 801 |
|
2 |
|a RU
|b 63413507
|c 20220602
|g PSBO
|
| 942 |
|
|
|c BK
|